[Event "Team Championship Russia (Blitz, Men)"]
[Site "Sochi"]
[Date "2018.10.10"]
[Round "3.20"]
[White "Kryakvin, Dmitry"]
[Black "Kostin, Alexey"]
[Result "1-0"]
[BlackElo "2314"]
[WhiteElo "2468"]
[LiveChessVersion "1.4.8"]

1. d4 {[%clk 0:03:02]} Nf6 {[%clk 0:03:03]} 2. Bg5 {[%clk 0:03:03]} e6
{[%clk 0:03:02]} 3. e4 {[%clk 0:03:05]} h6 {[%clk 0:03:01]} 4. Bxf6
{[%clk 0:03:05]} Qxf6 {[%clk 0:03:02]} 5. c3 {[%clk 0:03:07]} c5 {[%clk 0:02:58]}
6. Nf3 {[%clk 0:03:07]} cxd4 {[%clk 0:02:46]} 7. cxd4 {[%clk 0:03:07]} Bb4+
{[%clk 0:02:47]} 8. Nc3 {[%clk 0:03:08]} O-O {[%clk 0:02:44]} 9. Rc1
{[%clk 0:03:09]} b6 {[%clk 0:02:37]} 10. a3 {[%clk 0:03:08]} Bxc3+
{[%clk 0:02:38]} 11. Rxc3 {[%clk 0:03:09]} Bb7 12. Bd3 Nc6 {[%clk 0:02:30]} 13.
e5 {[%clk 0:03:04]} Qe7 {[%clk 0:02:29]} 14. O-O {[%clk 0:03:04]} d6
{[%clk 0:02:25]} 15. Qe2 {[%clk 0:03:04]} dxe5 {[%clk 0:02:14]} 16. dxe5
{[%clk 0:03:06]} Rac8 {[%clk 0:01:58]} 17. Rfc1 {[%clk 0:03:06]} Na5
{[%clk 0:01:47]} 18. Rxc8 {[%clk 0:02:42]} Rxc8 {[%clk 0:01:45]} 19. Rxc8+
{[%clk 0:02:42]} Bxc8 {[%clk 0:01:45]} 20. b4 {[%clk 0:02:38]} Nb7
{[%clk 0:01:38]} 21. Qe4 {[%clk 0:02:28]} g6 {[%clk 0:01:33]} 22. h4
{[%clk 0:02:29]} Nd8 {[%clk 0:01:25]} 23. Qf4 {[%clk 0:02:17]} h5
{[%clk 0:01:16]} 24. Ng5 {[%clk 0:02:08]} Bb7 {[%clk 0:01:14]} 25. Be4
{[%clk 0:01:56]} Bxe4 {[%clk 0:01:10]} 26. Nxe4 {[%clk 0:01:47]} Kg7
{[%clk 0:01:08]} 27. Nf6 {[%clk 0:01:43]} Nc6 {[%clk 0:00:51]} 28. Qg5
{[%clk 0:01:29]} b5 {[%clk 0:00:35]} 29. Nxh5+ {[%clk 0:01:22]} Kf8
{[%clk 0:00:32]} 30. Nf6 {[%clk 0:01:09]} Kg7 {[%clk 0:00:34]} 31. h5
{[%clk 0:00:59]} Nxe5 {[%clk 0:00:26]} 32. h6+ {[%clk 0:00:59]} Kf8
{[%clk 0:00:22]} 33. Qxe5 {[%clk 0:00:59]} Qd8 {[%clk 0:00:22]} 34. Nh7+
{[%clk 0:00:53]} Ke8 {[%clk 0:00:22]} 35. Qh8+ {[%clk 0:00:53]} Kd7
{[%clk 0:00:23]} 36. Nf6+ {[%clk 0:00:52]} 1-0

[Event "Team Championship Russia (Blitz, Men)"]
[Site "Sochi"]
[Date "2018.10.10"]
[Round "3.21"]
[White "Chigaev, Maksim"]
[Black "Shkurkin, Andrey"]
[Result "1-0"]
[BlackElo "2218"]
[WhiteElo "2616"]
[LiveChessVersion "1.4.8"]

1. e4 {[%clk 0:03:03]} c5 {[%clk 0:03:02]} 2. Nf3 {[%clk 0:03:03]} g6
{[%clk 0:03:03]} 3. Nc3 {[%clk 0:03:02]} Bg7 {[%clk 0:02:59]} 4. d4
{[%clk 0:03:03]} cxd4 {[%clk 0:02:59]} 5. Nxd4 {[%clk 0:03:04]} Nc6
{[%clk 0:03:00]} 6. Be3 {[%clk 0:03:05]} Nf6 {[%clk 0:03:01]} 7. Bc4
{[%clk 0:03:04]} O-O {[%clk 0:02:59]} 8. Bb3 {[%clk 0:03:05]} d5 {[%clk 0:02:55]}
9. exd5 {[%clk 0:03:01]} Na5 {[%clk 0:02:53]} 10. Qd2 {[%clk 0:02:47]} Nxb3
{[%clk 0:02:35]} 11. Nxb3 {[%clk 0:02:47]} b5 {[%clk 0:01:54]} 12. Nxb5
{[%clk 0:02:44]} Qxd5 {[%clk 0:01:52]} 13. Qxd5 {[%clk 0:02:37]} Nxd5
{[%clk 0:01:53]} 14. Bd4 {[%clk 0:02:39]} Rb8 {[%clk 0:00:57]} 15. Bxg7
{[%clk 0:02:26]} Kxg7 {[%clk 0:00:58]} 16. Nxa7 {[%clk 0:01:59]} Nb4
{[%clk 0:00:48]} 17. O-O {[%clk 0:01:12]} Ba6 {[%clk 0:00:38]} 18. Rfc1
{[%clk 0:01:07]} Rb7 {[%clk 0:00:16]} 19. a3 {[%clk 0:00:59]} Nxc2
{[%clk 0:00:07]} 20. Rxc2 {[%clk 0:00:57]} Rxb3 {[%clk 0:00:07]} 21. Nc6
{[%clk 0:00:53]} Rc8 {[%clk 0:00:05]} 22. Rac1 {[%clk 0:00:18]} Bb7
{[%clk 0:00:04]} 23. Nb4 {[%clk 0:00:12]} Rxc2 {[%clk 0:00:04]} 24. Rxc2
{[%clk 0:00:13]} Be4 {[%clk 0:00:03]} 25. Re2 {[%clk 0:00:11]} Bd3
{[%clk 0:00:04]} 26. Re3 {[%clk 0:00:08]} Rxb2 {[%clk 0:00:04]} 27. Nxd3
{[%clk 0:00:09]} 1-0

[Event "Team Championship Russia (Blitz, Men)"]
[Site "Sochi"]
[Date "2018.10.10"]
[Round "3.22"]
[White "Oganian, Miran"]
[Black "Chizhikov, Vladislav"]
[Result "0-1"]
[BlackElo "2240"]
[WhiteElo "2466"]
[LiveChessVersion "1.4.8"]

1. d4 {[%clk 0:03:02]} g6 {[%clk 0:03:02]} 2. Nf3 {[%clk 0:03:02]} Bg7
{[%clk 0:03:02]} 3. c4 {[%clk 0:03:02]} d6 {[%clk 0:03:03]} 4. g3
{[%clk 0:03:04]} e5 {[%clk 0:03:05]} 5. d5 {[%clk 0:02:55]} f5 {[%clk 0:03:00]}
6. Bg2 {[%clk 0:02:54]} Nf6 {[%clk 0:03:01]} 7. O-O {[%clk 0:02:55]} O-O
{[%clk 0:03:02]} 8. Nc3 {[%clk 0:02:55]} h6 {[%clk 0:02:57]} 9. Rb1
{[%clk 0:02:50]} a5 {[%clk 0:02:58]} 10. a3 {[%clk 0:02:49]} Nbd7
{[%clk 0:02:47]} 11. b4 {[%clk 0:02:47]} Kh7 {[%clk 0:02:35]} 12. Ne1
{[%clk 0:02:38]} e4 {[%clk 0:02:30]} 13. f4 {[%clk 0:02:25]} axb4
{[%clk 0:02:25]} 14. axb4 {[%clk 0:02:25]} Nb6 {[%clk 0:02:19]} 15. Qb3
{[%clk 0:02:24]} c6 {[%clk 0:02:19]} 16. Bb2 {[%clk 0:01:53]} cxd5
{[%clk 0:02:18]} 17. Nxd5 {[%clk 0:01:53]} Nbxd5 {[%clk 0:02:18]} 18. cxd5
{[%clk 0:01:54]} Qb6+ {[%clk 0:02:20]} 19. Kh1 {[%clk 0:01:52]} Ng4
{[%clk 0:02:20]} 20. Bxg7 {[%clk 0:01:41]} Kxg7 {[%clk 0:02:21]} 21. h3
{[%clk 0:01:21]} Ne3 22. Rg1 Bd7 {[%clk 0:02:09]} 23. Nc2 {[%clk 0:01:22]} Nxc2
{[%clk 0:01:45]} 24. Qxc2 {[%clk 0:01:23]} Rfc8 {[%clk 0:01:45]} 25. Qb3
{[%clk 0:01:05]} Qd4 {[%clk 0:01:42]} 26. Rgc1 {[%clk 0:00:58]} Ba4
{[%clk 0:01:05]} 27. Qa3 {[%clk 0:00:21]} Bc2 {[%clk 0:00:58]} 28. Qb2
{[%clk 0:00:22]} Qxb2 {[%clk 0:00:54]} 29. Rxb2 {[%clk 0:00:24]} Ba4
{[%clk 0:00:54]} 30. Ra1 {[%clk 0:00:25]} Bb5 {[%clk 0:00:53]} 31. Rba2
{[%clk 0:00:24]} Rxa2 {[%clk 0:00:42]} 32. Rxa2 {[%clk 0:00:25]} Bc4
{[%clk 0:00:42]} 33. Rd2 {[%clk 0:00:22]} Ra8 {[%clk 0:00:41]} 34. e3
{[%clk 0:00:19]} Ra3 {[%clk 0:00:41]} 35. Rc2 {[%clk 0:00:09]} b5
{[%clk 0:00:40]} 36. Kg1 {[%clk 0:00:10]} Rxe3 37. Kf2 Rb3 {[%clk 0:00:38]} 38.
Bf1 {[%clk 0:00:12]} Rxb4 {[%clk 0:00:37]} 39. Bxc4 {[%clk 0:00:14]} Rxc4 40. Ra2
Rd4 {[%clk 0:00:37]} 41. Ke3 {[%clk 0:00:14]} Rxd5 {[%clk 0:00:38]} 42. g4
{[%clk 0:00:16]} Rd3+ {[%clk 0:00:38]} 43. Ke2 Rxh3 {[%clk 0:00:39]} 44. Ra6
{[%clk 0:00:19]} Rd3 {[%clk 0:00:37]} 45. Rb6 {[%clk 0:00:19]} fxg4
{[%clk 0:00:35]} 46. Rxb5 {[%clk 0:00:20]} d5 {[%clk 0:00:36]} 47. Kf2
{[%clk 0:00:21]} h5 {[%clk 0:00:37]} 48. Kg2 {[%clk 0:00:23]} h4 {[%clk 0:00:38]}
0-1

[Event "Team Championship Russia (Blitz, Men)"]
[Site "Sochi"]
[Date "2018.10.10"]
[Round "3.24"]
[White "Uzhva, Andrey"]
[Black "Murzin, Volodar"]
[Result "0-1"]
[BlackElo "2450"]
[WhiteElo "2046"]
[LiveChessVersion "1.4.8"]

1. Nf3 {[%clk 0:03:03]} Nf6 {[%clk 0:03:03]} 2. g3 {[%clk 0:03:03]} g6
{[%clk 0:03:04]} 3. Bg2 {[%clk 0:03:05]} Bg7 {[%clk 0:03:06]} 4. O-O
{[%clk 0:03:05]} O-O {[%clk 0:03:06]} 5. d4 {[%clk 0:03:07]} d6 {[%clk 0:03:07]}
6. c4 {[%clk 0:03:07]} Nbd7 {[%clk 0:03:08]} 7. Nc3 {[%clk 0:03:08]} e5
{[%clk 0:03:09]} 8. h3 {[%clk 0:03:08]} Re8 {[%clk 0:03:07]} 9. e4
{[%clk 0:03:09]} exd4 {[%clk 0:03:06]} 10. Nxd4 {[%clk 0:03:10]} Nc5
{[%clk 0:03:07]} 11. Re1 {[%clk 0:03:11]} Bd7 {[%clk 0:03:07]} 12. Bf4
{[%clk 0:02:15]} a6 {[%clk 0:03:00]} 13. Qd2 {[%clk 0:02:15]} Qc8
{[%clk 0:02:28]} 14. Kh2 {[%clk 0:02:15]} Ne6 {[%clk 0:02:04]} 15. Be3
{[%clk 0:02:06]} Nc5 {[%clk 0:02:03]} 16. Bf4 {[%clk 0:02:05]} Rb8
{[%clk 0:01:43]} 17. Rad1 {[%clk 0:01:13]} b5 {[%clk 0:01:08]} 18. cxb5
{[%clk 0:01:14]} axb5 {[%clk 0:01:09]} 19. Bg5 {[%clk 0:00:38]} b4
{[%clk 0:00:57]} 20. Nd5 {[%clk 0:00:32]} Nfxe4 {[%clk 0:00:39]} 21. Bxe4
{[%clk 0:00:25]} Nxe4 {[%clk 0:00:39]} 22. Rxe4 {[%clk 0:00:19]} Rxe4 23. Nf6+
Bxf6 24. Bxf6 Qf8 {[%clk 0:00:35]} 25. Nf3 {[%clk 0:00:16]} Re6 {[%clk 0:00:30]}
26. Qf4 {[%clk 0:00:17]} Rb5 {[%clk 0:00:27]} 27. Nd4 {[%clk 0:00:17]} Rf5
{[%clk 0:00:11]} 28. Nxe6 {[%clk 0:00:13]} fxe6 {[%clk 0:00:12]} 29. Qxb4
{[%clk 0:00:12]} Rxf2+ {[%clk 0:00:12]} 30. Kg1 {[%clk 0:00:14]} Rxf6
{[%clk 0:00:12]} 31. Qd4 {[%clk 0:00:11]} Bc6 {[%clk 0:00:12]} 32. h4
{[%clk 0:00:10]} Rf3 {[%clk 0:00:12]} 33. Qg4 {[%clk 0:00:06]} Qf5
{[%clk 0:00:13]} 34. Qxf5 {[%clk 0:00:04]} gxf5 {[%clk 0:00:13]} 35. Rc1
{[%clk 0:00:04]} Bd5 {[%clk 0:00:14]} 36. Rxc7 {[%clk 0:00:05]} Rxg3+
{[%clk 0:00:15]} 37. Kf1 {[%clk 0:00:07]} Bxa2 {[%clk 0:00:15]} 38. b4
{[%clk 0:00:07]} Rb3 {[%clk 0:00:15]} 39. Rb7 {[%clk 0:00:08]} Bb1
{[%clk 0:00:16]} 40. Ke2 {[%clk 0:00:09]} Be4 {[%clk 0:00:17]} 41. Rb6
{[%clk 0:00:10]} d5 {[%clk 0:00:17]} 42. Kd2 {[%clk 0:00:09]} d4 {[%clk 0:00:17]}
43. h5 {[%clk 0:00:09]} Kg7 {[%clk 0:00:17]} 44. b5 {[%clk 0:00:08]} Kh6
{[%clk 0:00:16]} 45. Rxe6+ {[%clk 0:00:09]} Kxh5 {[%clk 0:00:16]} 46. b6
{[%clk 0:00:10]} Kg5 {[%clk 0:00:17]} 47. Rd6 {[%clk 0:00:11]} h5
{[%clk 0:00:17]} 48. Rxd4 {[%clk 0:00:11]} Rxb6 {[%clk 0:00:18]} 49. Ke3
{[%clk 0:00:12]} Rb3+ {[%clk 0:00:19]} 50. Kf2 {[%clk 0:00:14]} h4
{[%clk 0:00:21]} 51. Rd8 {[%clk 0:00:14]} Kf4 {[%clk 0:00:22]} 52. Rd2 h3
{[%clk 0:00:23]} 53. Kg1 {[%clk 0:00:15]} Rb1+ {[%clk 0:00:21]} 54. Kf2
{[%clk 0:00:16]} h2 {[%clk 0:00:20]} 55. Rd4 {[%clk 0:00:04]} Rb2+
{[%clk 0:00:18]} 0-1

[Event "Team Championship Russia (Blitz, Men)"]
[Site "Sochi"]
[Date "2018.10.10"]
[Round "3.25"]
[White "Taysayev, Timur"]
[Black "Rakhmanov, Aleksandr"]
[Result "0-1"]
[BlackElo "2578"]
[WhiteElo "2253"]
[LiveChessVersion "1.4.8"]

1. e4 {[%clk 0:03:03]} c5 {[%clk 0:03:04]} 2. Nf3 {[%clk 0:03:03]} Nf6
{[%clk 0:03:05]} 3. Nc3 {[%clk 0:03:02]} d5 {[%clk 0:03:06]} 4. e5
{[%clk 0:02:49]} Nfd7 {[%clk 0:03:06]} 5. d4 {[%clk 0:02:00]} e6 {[%clk 0:03:06]}
6. dxc5 {[%clk 0:01:57]} Nc6 {[%clk 0:03:07]} 7. Bf4 {[%clk 0:01:57]} Bxc5 8. Bd3
{[%clk 0:01:56]} f6 {[%clk 0:02:34]} 9. Qe2 {[%clk 0:01:46]} fxe5
{[%clk 0:02:29]} 10. Bxe5 {[%clk 0:01:43]} Ndxe5 {[%clk 0:02:26]} 11. Nxe5
{[%clk 0:01:43]} Nxe5 {[%clk 0:02:26]} 12. Qxe5 {[%clk 0:01:41]} Qf6
{[%clk 0:02:04]} 13. Qe2 {[%clk 0:01:03]} O-O {[%clk 0:02:00]} 14. O-O
{[%clk 0:01:03]} a6 {[%clk 0:01:48]} 15. a3 {[%clk 0:00:59]} Bd7 {[%clk 0:01:48]}
16. Rae1 {[%clk 0:00:59]} Rf7 {[%clk 0:01:46]} 17. Nd1 {[%clk 0:00:52]} Raf8
{[%clk 0:01:46]} 18. c3 {[%clk 0:00:52]} Qg5 {[%clk 0:01:25]} 19. Qe5
{[%clk 0:00:39]} Qxe5 {[%clk 0:01:21]} 20. Rxe5 {[%clk 0:00:40]} Bd6
{[%clk 0:01:18]} 21. Re2 {[%clk 0:00:39]} a5 {[%clk 0:01:13]} 22. Rfe1
{[%clk 0:00:34]} b5 {[%clk 0:01:10]} 23. f3 {[%clk 0:00:32]} Bc5+
{[%clk 0:01:07]} 24. Kh1 {[%clk 0:00:33]} Rf4 {[%clk 0:01:05]} 25. Ne3
{[%clk 0:00:33]} h5 {[%clk 0:00:58]} 26. Nf1 {[%clk 0:00:33]} R4f6
{[%clk 0:00:45]} 27. h3 {[%clk 0:00:30]} g6 {[%clk 0:00:43]} 28. Ng3
{[%clk 0:00:29]} Bd6 {[%clk 0:00:42]} 29. Nf1 {[%clk 0:00:29]} Kg7
{[%clk 0:00:41]} 30. Nd2 {[%clk 0:00:29]} g5 {[%clk 0:00:42]} 31. Nf1
{[%clk 0:00:26]} g4 {[%clk 0:00:42]} 32. Nh2 {[%clk 0:00:24]} Bxh2
{[%clk 0:00:33]} 33. Kxh2 {[%clk 0:00:25]} gxf3 {[%clk 0:00:34]} 34. gxf3
{[%clk 0:00:26]} Rxf3 {[%clk 0:00:33]} 35. Rg1+ {[%clk 0:00:25]} Kf6
{[%clk 0:00:31]} 36. Rg3 {[%clk 0:00:23]} Ke7 {[%clk 0:00:18]} 37. h4
{[%clk 0:00:23]} Kd6 {[%clk 0:00:16]} 38. Bg6 {[%clk 0:00:23]} Rxg3
{[%clk 0:00:16]} 0-1

[Event "Team Championship Russia (Blitz, Men)"]
[Site "Sochi"]
[Date "2018.10.10"]
[Round "3.26"]
[White "Rozum, Ivan"]
[Black "Nazaretyan, Tigran"]
[Result "1-0"]
[BlackElo "2307"]
[WhiteElo "2595"]
[LiveChessVersion "1.4.8"]

1. Nf3 {[%clk 0:03:02]} Nf6 {[%clk 0:03:02]} 2. g3 {[%clk 0:03:03]} d5
{[%clk 0:02:58]} 3. Bg2 {[%clk 0:03:04]} Nc6 {[%clk 0:02:56]} 4. d4
{[%clk 0:03:03]} Bf5 {[%clk 0:02:54]} 5. O-O {[%clk 0:03:02]} e6 {[%clk 0:02:54]}
6. c4 {[%clk 0:02:57]} Be7 {[%clk 0:02:45]} 7. Nc3 {[%clk 0:02:57]} O-O
{[%clk 0:02:44]} 8. Ne5 {[%clk 0:02:48]} dxc4 {[%clk 0:02:28]} 9. Nxc6
{[%clk 0:02:46]} bxc6 {[%clk 0:02:29]} 10. Bxc6 {[%clk 0:02:46]} Rb8
{[%clk 0:02:30]} 11. Bg2 {[%clk 0:02:37]} c5 {[%clk 0:02:27]} 12. d5
{[%clk 0:02:31]} exd5 {[%clk 0:02:21]} 13. Nxd5 {[%clk 0:02:32]} Nxd5
{[%clk 0:02:19]} 14. Bxd5 {[%clk 0:02:33]} Bf6 {[%clk 0:02:04]} 15. Bxc4
{[%clk 0:02:21]} Bxb2 {[%clk 0:01:57]} 16. Bxb2 {[%clk 0:02:21]} Rxb2
{[%clk 0:01:57]} 17. Rc1 {[%clk 0:01:28]} Rd2 {[%clk 0:01:18]} 18. Qa4
{[%clk 0:01:27]} Bh3 {[%clk 0:01:15]} 19. Rfd1 {[%clk 0:01:05]} Qa8
{[%clk 0:01:14]} 20. f3 {[%clk 0:01:06]} Qd8 {[%clk 0:01:15]} 21. Bb3
{[%clk 0:00:32]} Qg5 {[%clk 0:00:56]} 22. f4 {[%clk 0:00:18]} Qe7
{[%clk 0:00:39]} 23. e4 {[%clk 0:00:07]} Rfd8 {[%clk 0:00:18]} 24. Rxd2
{[%clk 0:00:08]} Rxd2 {[%clk 0:00:19]} 25. Qc4 {[%clk 0:00:10]} h5
{[%clk 0:00:11]} 26. Rd1 {[%clk 0:00:10]} Rxd1+ 27. Bxd1 {[%clk 0:00:11]} Qd8
{[%clk 0:00:09]} 28. Bb3 {[%clk 0:00:08]} Qd7 {[%clk 0:00:05]} 29. Qd5
{[%clk 0:00:07]} Qe7 {[%clk 0:00:04]} 30. Qxh5 {[%clk 0:00:08]} Be6
{[%clk 0:00:04]} 31. Qe5 {[%clk 0:00:08]} Qd7 {[%clk 0:00:05]} 32. Bxe6
{[%clk 0:00:09]} Qd1+ {[%clk 0:00:06]} 33. Kg2 {[%clk 0:00:10]} Qe2+
{[%clk 0:00:06]} 34. Kh3 {[%clk 0:00:11]} fxe6 {[%clk 0:00:05]} 35. Qxe6+
{[%clk 0:00:13]} Kh7 {[%clk 0:00:06]} 36. Qf5+ {[%clk 0:00:14]} Kg8
{[%clk 0:00:07]} 37. Qd5+ {[%clk 0:00:14]} Kh8 {[%clk 0:00:08]} 38. Qxc5
{[%clk 0:00:14]} Qxe4 {[%clk 0:00:09]} 39. a3 {[%clk 0:00:12]} a6
{[%clk 0:00:08]} 40. Kh4 {[%clk 0:00:12]} Qh7+ {[%clk 0:00:08]} 41. Qh5
{[%clk 0:00:12]} Qxh5+ {[%clk 0:00:03]} 42. Kxh5 {[%clk 0:00:13]} Kg8
{[%clk 0:00:04]} 43. Kg6 {[%clk 0:00:14]} 1-0

[Event "Team Championship Russia (Blitz, Men)"]
[Site "Sochi"]
[Date "2018.10.10"]
[Round "3.27"]
[White "Tenikashvili, Georgij"]
[Black "Moiseenko, Vadim"]
[Result "0-1"]
[BlackElo "2421"]
[WhiteElo "2114"]
[LiveChessVersion "1.4.8"]

1. d4 {[%clk 0:03:02]} e6 {[%clk 0:03:02]} 2. c4 {[%clk 0:03:02]} b6
{[%clk 0:03:03]} 3. Nf3 {[%clk 0:03:02]} Bb7 {[%clk 0:03:05]} 4. a3
{[%clk 0:03:02]} Nf6 {[%clk 0:03:04]} 5. Nc3 {[%clk 0:03:01]} d5 {[%clk 0:03:06]}
6. Bg5 {[%clk 0:02:58]} Be7 {[%clk 0:03:06]} 7. e3 {[%clk 0:02:48]} O-O
{[%clk 0:03:07]} 8. Be2 {[%clk 0:02:49]} h6 {[%clk 0:03:08]} 9. Bh4
{[%clk 0:02:50]} dxc4 {[%clk 0:03:05]} 10. Bxc4 {[%clk 0:02:49]} Nbd7
{[%clk 0:03:06]} 11. O-O {[%clk 0:02:49]} c5 {[%clk 0:03:07]} 12. Qe2
{[%clk 0:02:32]} a6 {[%clk 0:03:07]} 13. Rfd1 {[%clk 0:02:28]} b5
{[%clk 0:03:05]} 14. Ba2 {[%clk 0:02:29]} c4 {[%clk 0:03:05]} 15. Rac1
{[%clk 0:02:08]} Ne4 {[%clk 0:02:58]} 16. Bxe7 {[%clk 0:02:01]} Qxe7
{[%clk 0:02:59]} 17. Bb1 {[%clk 0:02:01]} Nxc3 {[%clk 0:02:59]} 18. Rxc3
{[%clk 0:02:02]} Rfd8 {[%clk 0:02:33]} 19. e4 {[%clk 0:01:57]} e5
{[%clk 0:02:27]} 20. h3 {[%clk 0:01:40]} Rac8 {[%clk 0:02:27]} 21. Re3
{[%clk 0:00:45]} Qf6 {[%clk 0:02:14]} 22. d5 {[%clk 0:00:15]} a5 {[%clk 0:01:58]}
23. Ne1 {[%clk 0:00:16]} b4 {[%clk 0:01:55]} 24. Rc1 {[%clk 0:00:15]} Ba6
{[%clk 0:01:56]} 25. Qg4 {[%clk 0:00:14]} Nc5 {[%clk 0:01:45]} 26. axb4
{[%clk 0:00:13]} axb4 {[%clk 0:01:45]} 27. Rf3 {[%clk 0:00:13]} Qg5
{[%clk 0:01:45]} 28. Qxg5 hxg5 {[%clk 0:01:47]} 29. Nc2 {[%clk 0:00:07]} Nd3
{[%clk 0:01:43]} 30. Rf1 {[%clk 0:00:08]} b3 {[%clk 0:01:42]} 31. Ne3
{[%clk 0:00:07]} Nxb2 {[%clk 0:01:42]} 32. Nf5 {[%clk 0:00:03]} Kf8
{[%clk 0:01:30]} 33. Rc1 {[%clk 0:00:04]} Nd3 {[%clk 0:01:20]} 34. Rd1
{[%clk 0:00:05]} c3 {[%clk 0:01:19]} 35. Bxd3 {[%clk 0:00:05]} Bxd3
{[%clk 0:01:20]} 36. Rfxd3 {[%clk 0:00:06]} c2 {[%clk 0:01:21]} 37. Rf1
{[%clk 0:00:07]} b2 {[%clk 0:01:21]} 0-1

[Event "Team Championship Russia (Blitz, Men)"]
[Site "Sochi"]
[Date "2018.10.10"]
[Round "3.28"]
[White "Gogolev, Artem"]
[Black "Basiev, Valeriy P."]
[Result "1-0"]
[BlackElo "2022"]
[WhiteElo "2360"]
[LiveChessVersion "1.4.8"]

1. Nf3 {[%clk 0:03:02]} f5 {[%clk 0:02:59]} 2. d4 {[%clk 0:03:00]} Nf6
{[%clk 0:03:00]} 3. g3 {[%clk 0:03:01]} g6 4. Bg2 Bg7 {[%clk 0:03:02]} 5. O-O
{[%clk 0:03:03]} O-O {[%clk 0:03:02]} 6. c3 {[%clk 0:03:03]} d6 {[%clk 0:03:02]}
7. Qb3+ {[%clk 0:03:04]} Kh8 {[%clk 0:03:03]} 8. Nbd2 {[%clk 0:02:54]} Na6
{[%clk 0:02:58]} 9. Ng5 {[%clk 0:02:42]} d5 {[%clk 0:02:50]} 10. Ngf3
{[%clk 0:02:41]} c5 {[%clk 0:02:48]} 11. Ne5 {[%clk 0:02:41]} e6 {[%clk 0:02:41]}
12. Ndf3 {[%clk 0:02:40]} Rb8 {[%clk 0:02:27]} 13. Bf4 {[%clk 0:02:28]} Nh5
{[%clk 0:02:24]} 14. e3 {[%clk 0:02:12]} Nxf4 {[%clk 0:02:20]} 15. exf4
{[%clk 0:02:12]} Bd7 {[%clk 0:02:16]} 16. Rfe1 {[%clk 0:02:13]} b5
{[%clk 0:02:09]} 17. dxc5 {[%clk 0:01:59]} Nxc5 {[%clk 0:02:08]} 18. Qa3
{[%clk 0:01:42]} Na4 {[%clk 0:01:35]} 19. Nd4 {[%clk 0:01:36]} Kg8
{[%clk 0:01:29]} 20. Nxd7 {[%clk 0:01:30]} Qxd7 {[%clk 0:01:29]} 21. Nxe6
{[%clk 0:01:30]} Rfe8 {[%clk 0:01:24]} 22. Nxg7 {[%clk 0:01:28]} Kxg7
{[%clk 0:01:23]} 23. Qb4 {[%clk 0:01:29]} Kg8 {[%clk 0:01:13]} 24. Re5
{[%clk 0:01:19]} Nb6 {[%clk 0:01:12]} 25. Rd1 {[%clk 0:01:14]} Rxe5
{[%clk 0:01:10]} 26. fxe5 {[%clk 0:01:14]} Rd8 {[%clk 0:01:00]} 27. Qc5
{[%clk 0:01:11]} Qe6 {[%clk 0:00:40]} 28. Re1 {[%clk 0:00:57]} a6
{[%clk 0:00:39]} 29. b3 {[%clk 0:00:57]} Nc8 {[%clk 0:00:35]} 30. Qd4
{[%clk 0:00:42]} Ne7 {[%clk 0:00:36]} 31. f4 {[%clk 0:00:42]} Nc6
{[%clk 0:00:36]} 32. Qc5 {[%clk 0:00:43]} Ne7 {[%clk 0:00:36]} 33. Rd1
{[%clk 0:00:43]} h5 {[%clk 0:00:35]} 34. h4 {[%clk 0:00:43]} Kh7 {[%clk 0:00:35]}
35. Kh2 {[%clk 0:00:42]} Rd7 {[%clk 0:00:35]} 36. a4 {[%clk 0:00:41]} bxa4
{[%clk 0:00:35]} 37. bxa4 Kh6 38. a5 {[%clk 0:00:42]} Qf7 {[%clk 0:00:29]} 39.
Qb6 {[%clk 0:00:41]} d4 {[%clk 0:00:25]} 40. e6 {[%clk 0:00:40]} Nc8
{[%clk 0:00:16]} 41. exf7 {[%clk 0:00:39]} Nxb6 {[%clk 0:00:15]} 42. f8=Q+
{[%clk 0:00:39]} Kh7 {[%clk 0:00:14]} 43. axb6 {[%clk 0:00:39]} 1-0

[Event "Team Championship Russia (Blitz, Men)"]
[Site "Sochi"]
[Date "2018.10.10"]
[Round "3.29"]
[White "Triapishko, Alexandr"]
[Black "Ponomarenko, Alexandr"]
[Result "1-0"]
[BlackElo "2179"]
[WhiteElo "2560"]
[LiveChessVersion "1.4.8"]

1. e4 {[%clk 0:02:56]} c5 {[%clk 0:03:02]} 2. Nf3 {[%clk 0:02:56]} Nc6
{[%clk 0:03:03]} 3. Nc3 {[%clk 0:02:57]} Nf6 {[%clk 0:03:02]} 4. g3
{[%clk 0:02:57]} d6 {[%clk 0:03:02]} 5. Bg2 {[%clk 0:02:57]} g6 {[%clk 0:03:01]}
6. O-O {[%clk 0:02:58]} Bg7 {[%clk 0:03:02]} 7. d3 {[%clk 0:02:56]} O-O
{[%clk 0:03:01]} 8. h3 {[%clk 0:02:56]} a6 {[%clk 0:02:58]} 9. Be3
{[%clk 0:02:42]} Rb8 {[%clk 0:02:58]} 10. e5 {[%clk 0:02:28]} Ne8
{[%clk 0:02:53]} 11. exd6 {[%clk 0:02:25]} exd6 {[%clk 0:02:53]} 12. d4
{[%clk 0:02:18]} c4 {[%clk 0:02:08]} 13. Nd2 {[%clk 0:01:55]} Nxd4
{[%clk 0:01:48]} 14. Nxc4 {[%clk 0:01:54]} Ne6 {[%clk 0:01:08]} 15. Ba7
{[%clk 0:01:49]} Ra8 {[%clk 0:01:03]} 16. Bb6 {[%clk 0:01:50]} N6c7
{[%clk 0:00:49]} 17. Nd5 {[%clk 0:01:32]} Be6 {[%clk 0:00:49]} 18. Nxc7
{[%clk 0:01:15]} Nxc7 {[%clk 0:00:48]} 19. Nxd6 {[%clk 0:01:11]} Qd7
{[%clk 0:00:32]} 20. Nxb7 {[%clk 0:00:55]} Qxd1 {[%clk 0:00:29]} 21. Raxd1
{[%clk 0:00:50]} Nb5 {[%clk 0:00:18]} 22. Nc5 {[%clk 0:00:47]} Rab8
{[%clk 0:00:17]} 23. Nxe6 {[%clk 0:00:41]} fxe6 {[%clk 0:00:17]} 24. Bc5
{[%clk 0:00:34]} Rfc8 {[%clk 0:00:16]} 25. b4 {[%clk 0:00:33]} Nc3
{[%clk 0:00:16]} 26. Rd6 {[%clk 0:00:22]} Nxa2 {[%clk 0:00:15]} 27. Be4
{[%clk 0:00:12]} Nxb4 {[%clk 0:00:11]} 28. Ba7 {[%clk 0:00:11]} Rb5
{[%clk 0:00:10]} 29. Rxe6 {[%clk 0:00:10]} Nxc2 {[%clk 0:00:04]} 30. Rc1
{[%clk 0:00:09]} Rc7 {[%clk 0:00:06]} 31. Bb6 {[%clk 0:00:07]} Rc4
{[%clk 0:00:04]} 32. Bd3 {[%clk 0:00:06]} Rd4 {[%clk 0:00:03]} 33. Bxb5
{[%clk 0:00:05]} axb5 {[%clk 0:00:03]} 34. Rxc2 {[%clk 0:00:07]} 1-0